Top Searched Words of 2009 Quiz Stats

 Plays Quiz not verified by Sporcle

Challenge
Share
Tweet
Embed
Score 0/60 Timer 10:00
0 Plays Today
% Correct
Facebook
47.4%
Lady Gaga
34.2%
Michael Jackson
31.6%
Michael Jackson
31.6%
Michael Jackson
31.6%
Love
26.3%
Twitter
23.7%
Twitter
23.7%
Britney Spears
18.4%
Twilight
13.2%
American Idol
10.5%
Swine Flu
7.9%
Farrah Fawcett
7.9%
Kim Kardashian
5.3%
Susan Boyle
5.3%
Tuenti
2.6%
New Moon
2.6%
Windows7
2.6%
Stock Market
2.6%
WWE
2.6%
Megan Fox
2.6%
Runescape
2.6%
Sanalika
0%
Dantri.com.vn
0%
Torpedo Gratis
0%
Affect
0%
Ubiquitous
0%
Irony
0%
Socialism
0%
Effect
0%
% Correct
Melancholy
0%
Integrity
0%
Nostalgic
0%
Pedantic
0%
Patrick Swayze
0%
Cash for Clunkers
0%
Jon and Kate Gosselin
0%
Billy Mays
0%
Jayce Dugard
0%
Naruto
0%
NASCAR
0%
David After Dentist
0%
JK Wedding Entrance Dance
0%
Evian Roller Babies
0%
New Moon Trailer
0%
Thriller - Michael Jackson
0%
The Climb -Miley Cyrus
0%
Beat It -Michael Jackson
0%
Touch My Body -Mariah Carey
0%
Just Dance- Lady Gaga
0%
How much should I weigh?
0%
How do I get out of debt fast?
0%
How do I get pregnant?
0%
What is Twitter?
0%
What is Miley Cyrus' phone number?
0%
What is the meaning of life?
0%
When will the world end?
0%
How long does marijuana stay in your system?
0%
What are symptoms of swine flu?
0%
What time is it?
0%

You're not logged in!

Compare scores with friends on all Sporcle quizzes.
OR
Log In

You Might Also Like...

Show Comments

Extras

Created Mar 13, 2010ReportNominate
Tags:2009, Online Searches

Top Quizzes Today


Score Distribution

Your Account Isn't Verified!

In order to create a playlist on Sporcle, you need to verify the email address you used during registration. Go to your Sporcle Settings to finish the process.

Report this User

Report this user for behavior that violates our Community Guidelines.

Details: